| 000 | 00492nam a2200181Ia 4500 | ||
|---|---|---|---|
| 008 | 151202s9999||||xx |||||||||||||| ||und|| | ||
| 082 | _bPNVM-15500 | ||
| 100 | _aMUNTSCH ALBERT & SPALDING HENRY S. | ||
| 245 | _aINTRODUCTORY SOCIOLOGY. | ||
| 260 | _bD.C. | ||
| 260 | _c0 | ||
| 300 | _a466 | ||
| 600 | _aMUNTSCH ALBERT & SPALDING HENRY S. | ||
| 630 | _aINTRODUCTORY SOCIOLOGY. | ||
| 700 | _aMUNTSCH ALBERT & SPALDING HENRY S. | ||
| 730 | _aINTRODUCTORY SOCIOLOGY. | ||
| 942 | _cBOOK | ||
| 999 |
_c1281485 _d1281482 |
||